000 00296nam a22001337a 4500
008 170608b xxu||||| |||| 00| 0 eng d
020 _a9780801314728
041 _aeng
080 _23ED
_a327
100 _a18
101 _ashp
245 _aEUROPEAN DEMOCRACY
_cSTEINER.J
942 _2udc
_cBK
999 _c16472
_d16472